El Proyecto de Inversin̤ como estrategia gerencial

Detalles Bibliográficos
Autor principal: Pacheco Coello, Carlos E.
Otros Autores: Přez Brito, Gabriel Jess︢
Formato: eBook
Lenguaje:español
Publicado: Mx̌ico D.F. : Instituto Mexicano de Contadores Pb︢licos, 2012 2012
Materias:
Acceso en línea:http://www.vlex.com/source/7130

MARC

LEADER 00000nam a22000007a 4500
005 20130226143307.0
007 cr|||| ||||
008 130226e2012 mx |||||s|||| 00||0 spa d
020 |a 978-6077-621-331 
035 |a 7130 
040 |a vLex 
090 |c 3763  |d 3763 
100 1 0 |a Pacheco Coello, Carlos E.  
245 1 3 |a El Proyecto de Inversin̤ como estrategia gerencial  |h [Recurso electrn̤ico] 
256 |a Servicio en ln̕ea 
260 |a Mx̌ico D.F. :  |b Instituto Mexicano de Contadores Pb︢licos, 2012   |c 2012  
300 |a 1 Recurso electrn̤ico 
650 0 4 |a Administracin̤ (Management) 
650 0 4 |a Empresa 
700 1 0 |a Přez Brito, Gabriel Jess︢  
740 |a vLex Libros (Servicio en ln̕ea) 
856 |a Acceso restringido  |u http://www.vlex.com/source/7130 
942 |c BOOK 
999 0 |a Enterprise